[Event "V Weekend A"]
[Site "Trieste ITA"]
[Date "2003.10.25"]
[Round "1"]
[White "Boldrin, Marco"]
[Black "Nedimovic, Ljubisa"]
[Result "1/2-1/2"]
[WhiteElo "1917"]
[BlackElo "2176"]
[PlyCount "86"]
[EventDate "2003.10.25"]

1. e4 e6 2. d4 d5 3. Nd2 Nf6 4. e5 Nfd7 5. Bd3 c5 6. c3 Nc6 7. Ndf3 Qa5 8. Bd2
Qb6 9. Ne2 c4 10. Bc2 Qxb2 11. O-O Qa3 12. Nf4 g6 13. Nxd5 exd5 14. e6 fxe6 15.
Re1 Nf6 16. Ng5 Nd8 17. f4 Kd7 18. Qe2 Qd6 19. g3 Kc6 20. Rab1 b6 21. f5 exf5
22. Bf4 Qa3 23. Qe5 Bd6 24. Qxf6 Nb7 25. Qxh8 Bxf4 26. gxf4 Nd6 27. Qxh7 Qxc3
28. Ba4+ b5 29. Bxb5+ Nxb5 30. Qxg6+ Nd6 31. Qf6 Kc7 32. Re7+ Bd7 33. Qg7 Kc6
34. Rxd7 Rc8 35. Rxd6+ Kxd6 36. Qe5+ Kc6 37. Qe6+ Kc7 38. Qe7+ Kc6 39. Qb7+ Kd6
40. Nf7+ Ke6 41. Ng5+ Kd6 42. Nf7+ Ke6 43. Ng5+ Kd6 1/2-1/2

[Event "V Weekend A"]
[Site "Trieste ITA"]
[Date "2003.10.25"]
[Round "1"]
[White "Brecevich, Andrea"]
[Black "Cherin, Diego"]
[Result "1/2-1/2"]
[WhiteElo "1546"]
[BlackElo "2024"]
[PlyCount "63"]
[EventDate "2003.10.25"]

1. e4 c5 2. Nf3 e6 3. d4 cxd4 4. Nxd4 Nc6 5. Nc3 a6 6. Be2 Qc7 7. O-O Nf6 8.
Be3 Be7 9. f4 d6 10. a4 Bd7 11. Nb3 b6 12. Bf3 Rd8 13. Qe2 Bc8 14. Rfd1 O-O 15.
g4 Nd7 16. g5 Na5 17. Nxa5 bxa5 18. Rd3 f6 19. h4 Nc5 20. Rd4 Kh8 21. Kg2 Bb7
22. Rad1 Bc6 23. f5 fxg5 24. fxe6 Nxe6 25. Rc4 Qb7 26. Rxc6 Qxc6 27. Nd5 Rde8
28. Nxe7 Rxe7 29. hxg5 Rc7 30. g6 Qxa4 31. Rxd6 Re8 32. Qxa6 1/2-1/2

[Event "V Weekend A"]
[Site "Trieste ITA"]
[Date "2003.10.25"]
[Round "1"]
[White "De Val, Daniele"]
[Black "Capaliku, Aleks"]
[Result "1-0"]
[WhiteElo "2143"]
[BlackElo "1822"]
[PlyCount "57"]
[EventDate "2003.10.25"]

1. d4 f5 2. c4 Nf6 3. g3 e6 4. Bg2 d5 5. Nh3 Bd6 6. O-O c6 7. Qc2 O-O 8. Nf4 g5
9. Nd3 g4 10. Bf4 Bxf4 11. Nxf4 Qe8 12. Nd2 Nbd7 13. b4 Ne4 14. Nxe4 fxe4 15.
f3 e5 16. dxe5 Nxe5 17. cxd5 exf3 18. exf3 gxf3 19. Bxf3 Nxf3+ 20. Rxf3 cxd5
21. Qb3 Qe5 22. Rd1 Rd8 23. Re3 Qg5 24. Nxd5 Bg4 25. Re7 Kh8 26. Qc3+ Kg8 27.
Nf6+ Qxf6 28. Rxd8+ Rxd8 29. Qxf6 1-0

[Event "V Weekend A"]
[Site "Trieste ITA"]
[Date "2003.10.25"]
[Round "1"]
[White "Varini, Massimo"]
[Black "Miele, Roberto"]
[Result "1-0"]
[WhiteElo "2043"]
[BlackElo "1750"]
[PlyCount "53"]
[EventDate "2003.10.25"]

1. e4 Nc6 2. Nf3 e5 3. Bc4 Be7 4. O-O Nf6 5. d3 d6 6. c3 O-O 7. h3 Bd7 8. Bb3
Qc8 9. Re1 a5 10. a4 Ra6 11. Nbd2 Nd8 12. Nf1 Ne6 13. Bc4 Ra8 14. d4 exd4 15.
cxd4 c6 16. Bd3 b5 17. Ng3 g6 18. Nf5 gxf5 19. exf5 Ng7 20. Rxe7 Re8 21. Rxe8+
Qxe8 22. Bg5 Ne4 23. f6 Nxg5 24. Nxg5 Nf5 25. Nxh7 Nh6 26. Qh5 Bf5 27. Qxh6 1-0

[Event "V Weekend A"]
[Site "Trieste ITA"]
[Date "2003.10.26"]
[Round "2"]
[White "Miele, Roberto"]
[Black "Capaliku, Aleks"]
[Result "0-1"]
[WhiteElo "1750"]
[BlackElo "1822"]
[PlyCount "80"]
[EventDate "2003.10.25"]

1. e4 c5 2. Nf3 d6 3. d4 cxd4 4. Nxd4 Nf6 5. Nc3 e6 6. Bc4 a6 7. Qe2 Be7 8. Be3
b5 9. Bb3 b4 10. Na4 O-O 11. Nf3 Nbd7 12. Nd2 Bb7 13. f3 Bc6 14. Qf2 Rb8 15.
Nc4 d5 16. Ncb6 dxe4 17. Nxd7 Nxd7 18. O-O-O Qa5 19. Rxd7 Bxd7 20. Nb6 Bc6 21.
f4 Bd5 22. Nxd5 exd5 23. g4 Rbc8 24. Rd1 Rc4 25. g5 Rfc8 26. Kb1 Bc5 27. Bxc4
Bxe3 28. Qxe3 Rxc4 29. Qa7 Rc8 30. Qb7 Rd8 31. Qe7 Qb6 32. h4 Qd6 33. Qb7 e3
34. b3 g6 35. h5 gxh5 36. f5 e2 37. Re1 Re8 38. Qa7 d4 39. Qb7 d3 40. Qf3 d2
0-1

[Event "V Weekend A"]
[Site "Trieste ITA"]
[Date "2003.10.26"]
[Round "2"]
[White "Nedimovic, Ljubisa"]
[Black "Bortolin, Bruno"]
[Result "1-0"]
[WhiteElo "2176"]
[BlackElo "1806"]
[PlyCount "81"]
[EventDate "2003.10.25"]

1. d4 f5 2. g3 Nf6 3. Bg2 e6 4. Nh3 Be7 5. c4 c6 6. O-O d5 7. b3 O-O 8. Ba3
Bxa3 9. Nxa3 Qe7 10. Nb1 Ne4 11. Qc2 Nd7 12. Nd2 Ndf6 13. Nf3 Bd7 14. Ne5 Nd6
15. Nf4 Be8 16. Rab1 Nd7 17. Nfd3 Nf7 18. Nxd7 Bxd7 19. b4 Nd6 20. Ne5 b5 21.
cxd5 cxd5 22. Qc7 Nc4 23. Qxd7 Qxd7 24. Nxd7 Rfd8 25. Nc5 Nd2 26. Nxe6 Rd6 27.
Nf4 Rad8 28. h4 g6 29. Rfd1 Nxb1 30. Rxb1 h6 31. Rc1 g5 32. hxg5 hxg5 33. Nxd5
f4 34. Rc5 fxg3 35. fxg3 Ra6 36. Rc2 Ra3 37. e3 a5 38. bxa5 Rxa5 39. Ne7+ Kf8
40. Nc6 Rc8 41. Rf2+ 1-0

[Event "V Weekend A"]
[Site "Trieste ITA"]
[Date "2003.10.26"]
[Round "2"]
[White "Stantic, Severino"]
[Black "Cherin, Diego"]
[Result "1/2-1/2"]
[WhiteElo "2127"]
[BlackElo "2024"]
[PlyCount "67"]
[EventDate "2003.10.25"]

1. d4 f5 2. Nf3 Nf6 3. c4 g6 4. Nc3 Bg7 5. g3 O-O 6. Bg2 d6 7. O-O Nc6 8. d5
Na5 9. Qd3 e5 10. dxe6 Bxe6 11. Nd2 Nc6 12. Nd5 Nd7 13. e3 a5 14. Qa3 g5 15.
Rb1 h5 16. Qb3 Nc5 17. Qc2 Qd7 18. b4 axb4 19. Nxb4 Ne5 20. f4 Ng4 21. Nb3 gxf4
22. gxf4 Qa4 23. a3 c6 24. Rd1 Rad8 25. Bf1 Nxb3 26. Rxb3 Qa7 27. Rbd3 Qc5 28.
h3 Nf6 29. Rc3 Ne4 30. Nd3 Qa7 31. Rb3 b5 32. Nb4 Qc5 33. Na6 Qa7 34. Nb4
1/2-1/2

[Event "V Weekend A"]
[Site "Trieste ITA"]
[Date "2003.10.26"]
[Round "2"]
[White "Varini, Massimo"]
[Black "De Val, Daniele"]
[Result "0-1"]
[WhiteElo "2043"]
[BlackElo "2143"]
[PlyCount "115"]
[EventDate "2003.10.25"]

1. e4 Nc6 2. Nf3 d5 3. exd5 Qxd5 4. Nc3 Qa5 5. Bb5 Bd7 6. d4 a6 7. Bc4 O-O-O 8.
d5 Bg4 9. h3 Ne5 10. Be2 Bxf3 11. Bxf3 Nxf3+ 12. Qxf3 Nf6 13. O-O Nxd5 14. Qxf7
Nxc3 15. bxc3 Qxc3 16. Rb1 Qc6 17. Be3 Qd5 18. Qf4 e6 19. Rb3 Bc5 20. Rd3 Bxe3
21. Qxe3 Qxa2 22. Rb3 Qxc2 23. Rc3 Qd2 24. Qc5 Kb8 25. Qxc7+ Ka8 26. Rb3 Rd7
27. Qb6 Qd6 28. Qe3 e5 29. Rfb1 Rf8 30. Rb6 Qd4 31. Qb3 Qxf2+ 32. Kh1 Qf7 33.
Qa3 Qe7 34. Rxa6+ bxa6 35. Qxa6+ Ra7 36. Qc6+ Rb7 37. Qa6+ Kb8 38. Rxb7+ Qxb7
39. Qd6+ Ka7 40. Qxf8 Qc7 41. Qa3+ Kb6 42. Qb2+ Ka7 43. Qa2+ Kb8 44. Qg8+ Kb7
45. Qxh7 Qc1+ 46. Kh2 Qg5 47. Qc2 Qf4+ 48. Kh1 e4 49. Qc3 g5 50. Kg1 e3 51. Qc2
Kb6 52. Qe2 Kc5 53. Qc2+ Kd5 54. Qb3+ Ke5 55. Qb5+ Ke4 56. Qc4+ Kf5 57. Qf7+
Ke4 58. Qg6+ 0-1

[Event "V Weekend A"]
[Site "Trieste ITA"]
[Date "2003.10.26"]
[Round "3"]
[White "Boldrin, Marco"]
[Black "Stantic, Severino"]
[Result "0-1"]
[WhiteElo "1917"]
[BlackElo "2127"]
[PlyCount "76"]
[EventDate "2003.10.25"]

1. e4 e5 2. Nf3 d6 3. d4 exd4 4. Nxd4 Nf6 5. Nc3 Be7 6. Bd3 Nbd7 7. O-O Nc5 8.
Bb5+ Bd7 9. Bxd7+ Qxd7 10. Re1 O-O 11. Nf5 Bd8 12. Qf3 Kh8 13. b4 Ne6 14. h4
Ne8 15. Bb2 Bf6 16. Rad1 Be5 17. Rd5 c6 18. Rd2 Qc7 19. Red1 Rd8 20. Na4 g6 21.
Nxd6 Bxb2 22. Nxb2 Rxd6 23. Rxd6 Nxd6 24. h5 Kg7 25. Nd3 Nc4 26. g3 Rd8 27.
hxg6 hxg6 28. Qg4 Ne5 29. Qh3 Ng5 30. Qg2 Nef3+ 31. Kf1 Rh8 32. Ke2 Rh2 33.
Qxf3 Nxf3 34. Kxf3 Qd7 35. Re1 g5 36. Re2 Qe6 37. Nc5 Qc4 38. Nd3 Qxa2 0-1

[Event "V Weekend A"]
[Site "Trieste ITA"]
[Date "2003.10.26"]
[Round "3"]
[White "Bortolin, Bruno"]
[Black "Miele, Roberto"]
[Result "1-0"]
[WhiteElo "1806"]
[BlackElo "1750"]
[PlyCount "95"]
[EventDate "2003.10.25"]

1. e4 Nc6 2. Nc3 e5 3. Bc4 Nf6 4. d3 Na5 5. Nge2 Nxc4 6. dxc4 Be7 7. O-O O-O 8.
b3 d6 9. Bb2 c6 10. Qd3 Be6 11. f3 Nh5 12. g4 Nf6 13. Rad1 Qb6+ 14. Kg2 Rad8
15. Na4 Qc7 16. Ba3 d5 17. Bxe7 Qxe7 18. Qc3 dxe4 19. Rxd8 exf3+ 20. Rxf3 Rxd8
21. Qxe5 Nxg4 22. Qe4 Nf6 23. Qe3 Re8 24. Kg3 Nh5+ 25. Kf2 Nf6 26. h3 Bc8 27.
Qd3 Qe5 28. Nac3 Ne4+ 29. Nxe4 Qxe4 30. Qd2 Qh4+ 31. Kg2 Qe4 32. Kf2 Qh4+ 33.
Kg2 Qe7 34. Kf2 Rd8 35. Qf4 Re8 36. Qd2 c5 37. Nf4 Qh4+ 38. Kf1 Qf6 39. Kg2 Rd8
40. Nd5 Qg6+ 41. Rg3 Qe4+ 42. Kh2 Kf8 43. Qg5 Rxd5 44. cxd5 Qe2+ 45. Rg2 Qe8
46. Qxg7+ Ke7 47. Re2+ Be6 48. Rxe6+ 1-0

[Event "V Weekend A"]
[Site "Trieste ITA"]
[Date "2003.10.26"]
[Round "3"]
[White "Capaliku, Aleks"]
[Black "Brecevich, Andrea"]
[Result "1-0"]
[WhiteElo "1822"]
[BlackElo "1546"]
[PlyCount "67"]
[EventDate "2003.10.25"]

1. f4 e5 2. fxe5 d6 3. exd6 Bxd6 4. Nf3 g5 5. c3 g4 6. Qa4+ Nc6 7. Nd4 Bd7 8.
g3 Nxd4 9. Qxd4 Qf6 10. Qxf6 Nxf6 11. Bg2 O-O-O 12. O-O Be7 13. d4 Be6 14. Bg5
Nd5 15. Bxe7 Nxe7 16. e4 Bc4 17. Rf2 Rhf8 18. Na3 Ba6 19. Bf1 f5 20. Bxa6 bxa6
21. Raf1 Kd7 22. Nc4 f4 23. Ne5+ Ke6 24. Nxg4 Ng6 25. gxf4 Ke7 26. f5 Nh4 27.
h3 h5 28. Ne5 Rg8+ 29. Kh2 Kf6 30. Nc6 Rd7 31. e5+ Kg7 32. Rg1+ Kh7 33. Rxg8
Kxg8 34. Rf4 1-0

[Event "V Weekend A"]
[Site "Trieste ITA"]
[Date "2003.10.26"]
[Round "3"]
[White "Cherin, Diego"]
[Black "Varini, Massimo"]
[Result "1/2-1/2"]
[WhiteElo "2024"]
[BlackElo "2043"]
[PlyCount "41"]
[EventDate "2003.10.25"]

1. e4 e6 2. d4 d5 3. Nd2 c5 4. dxc5 Bxc5 5. exd5 Qxd5 6. Ngf3 Nc6 7. Bd3 Nf6 8.
O-O Bd7 9. Nb3 Bb6 10. Qe2 Qd6 11. Be3 Qc7 12. c4 Bxe3 13. Qxe3 O-O-O 14. h3 h5
15. Rfe1 Nb4 16. Ne5 Nxd3 17. Nxd3 Bc6 18. Ne5 Kb8 19. Rad1 a6 20. Qc5 Rc8 21.
Qd6 1/2-1/2

[Event "V Weekend A"]
[Site "Trieste ITA"]
[Date "2003.10.26"]
[Round "3"]
[White "De Val, Daniele"]
[Black "Nedimovic, Ljubisa"]
[Result "0-1"]
[WhiteElo "2143"]
[BlackElo "2176"]
[PlyCount "80"]
[EventDate "2003.10.25"]

1. c4 c6 2. Nc3 d5 3. d4 Nf6 4. cxd5 cxd5 5. f3 e6 6. e4 dxe4 7. fxe4 Bb4 8.
Qd3 h6 9. Nf3 O-O 10. Be2 b6 11. O-O Bb7 12. Nd2 Nc6 13. a3 Be7 14. Nb3 a5 15.
a4 Nb4 16. Qb1 Rc8 17. Be3 Nxe4 18. Bf3 Nxc3 19. bxc3 Bxf3 20. cxb4 Bd5 21. Bd2
Bxb3 22. Qxb3 Qxd4+ 23. Be3 Qxb4 24. Qxb4 Bxb4 25. Bxb6 Bc5+ 26. Bxc5 Rxc5 27.
Rf4 Rfc8 28. Raf1 f6 29. h3 Rc4 30. Kh2 e5 31. R4f3 Rxa4 32. g4 Rac4 33. Ra1 a4
34. Kg3 Kh7 35. h4 R8c6 36. g5 hxg5 37. hxg5 Kg6 38. Rg1 f5 39. Kh3 Rc3 40.
Rgg3 Rxf3 0-1

[Event "V Weekend A"]
[Site "Trieste ITA"]
[Date "2003.11.01"]
[Round "4"]
[White "Boldrin, Marco"]
[Black "Bortolin, Bruno"]
[Result "1-0"]
[WhiteElo "1917"]
[BlackElo "1806"]
[PlyCount "59"]
[EventDate "2003.10.25"]

1. e4 Nf6 2. e5 Nd5 3. Nc3 Nxc3 4. bxc3 d6 5. f4 g6 6. d4 Bg7 7. Nf3 O-O 8. Be2
Bg4 9. O-O d5 10. Rb1 b6 11. Be3 Bxf3 12. Rxf3 f5 13. c4 c6 14. Bf2 e6 15. cxd5
cxd5 16. c4 Nc6 17. Rc3 Rc8 18. Rbc1 Na5 19. cxd5 Rxc3 20. Rxc3 exd5 21. Qc2
Bh6 22. g3 g5 23. fxg5 Bxg5 24. Rc7 Kh8 25. Bd3 Nc4 26. Rxa7 Qb8 27. Rd7 Rc8
28. Bxf5 Ne3 29. Rxh7+ Kg8 30. Be6+ 1-0

[Event "V Weekend A"]
[Site "Trieste ITA"]
[Date "2003.11.01"]
[Round "4"]
[White "Cherin, Diego"]
[Black "De Val, Daniele"]
[Result "0-1"]
[WhiteElo "2024"]
[BlackElo "2143"]
[PlyCount "70"]
[EventDate "2003.10.25"]

1. Nf3 Nf6 2. c4 e6 3. b3 b6 4. g3 Bb7 5. Bg2 Be7 6. O-O O-O 7. Bb2 d6 8. d3
Nbd7 9. e4 c5 10. Ne1 Ne8 11. f4 f5 12. Qe2 fxe4 13. dxe4 Nc7 14. Na3 Qe8 15.
Rd1 Rd8 16. Bf3 e5 17. f5 Nb8 18. Ng2 Nc6 19. Nc2 Bf6 20. Rd3 Rd7 21. Qe3 h6
22. h4 Nd4 23. Bd1 Qd8 24. Re1 b5 25. Na3 bxc4 26. bxc4 Na6 27. Nb1 Nb4 28. Rd2
Ba6 29. Bb3 Nbc6 30. Nc3 Na5 31. Nd5 Bxc4 32. Nxf6+ Qxf6 33. Bxd4 exd4 34.
Bxc4+ Nxc4 35. Qb3 Qf7 0-1

[Event "V Weekend A"]
[Site "Trieste ITA"]
[Date "2003.11.01"]
[Round "4"]
[White "Miele, Roberto"]
[Black "Brecevich, Andrea"]
[Result "1-0"]
[WhiteElo "1750"]
[BlackElo "1546"]
[PlyCount "47"]
[EventDate "2003.10.25"]

1. e4 c5 2. Nf3 Nc6 3. d4 cxd4 4. Nxd4 Nf6 5. Nc3 d6 6. Bc4 e6 7. Be3 a6 8. Qe2
Be7 9. Bb3 O-O 10. O-O-O Qc7 11. g4 Nxd4 12. Rxd4 b5 13. g5 Ng4 14. Qxg4 e5 15.
Qh5 exd4 16. Bxd4 Be6 17. Rg1 Rfe8 18. g6 hxg6 19. Rxg6 Bf8 20. Rg3 Qe7 21. Nd5
Bxd5 22. Bxd5 Rac8 23. Rh3 Rxc2+ 24. Kxc2 1-0

[Event "V Weekend A"]
[Site "Trieste ITA"]
[Date "2003.11.01"]
[Round "4"]
[White "Nedimovic, Ljubisa"]
[Black "Stantic, Severino"]
[Result "1-0"]
[WhiteElo "2176"]
[BlackElo "2127"]
[PlyCount "53"]
[EventDate "2003.10.25"]

1. d4 Nf6 2. c4 e6 3. Nc3 Bb4 4. Qc2 b6 5. a3 Bxc3+ 6. Qxc3 Bb7 7. Bg5 h6 8.
Bh4 d6 9. f3 Nbd7 10. e4 e5 11. d5 Qe7 12. Bf2 Nh5 13. g3 Nf8 14. Ne2 Ng6 15.
Bh3 Bc8 16. Bxc8 Rxc8 17. O-O O-O 18. b4 Qd7 19. Qd3 Qh3 20. Kh1 Nf6 21. c5 Ne8
22. Qa6 bxc5 23. bxc5 Rb8 24. Ng1 Qh5 25. Qxa7 Rb3 26. Qa4 Rxf3 27. Qd1 1-0

[Event "V Weekend A"]
[Site "Trieste ITA"]
[Date "2003.11.01"]
[Round "5"]
[White "Bortolin, Bruno"]
[Black "Cherin, Diego"]
[Result "1/2-1/2"]
[WhiteElo "1806"]
[BlackElo "2024"]
[PlyCount "81"]
[EventDate "2003.10.25"]

1. e4 c5 2. c4 Nc6 3. Nc3 g6 4. d3 Bg7 5. g3 e6 6. Bg2 Nge7 7. Nge2 O-O 8. O-O
a6 9. a4 Rb8 10. Bf4 d6 11. Rb1 f5 12. Qc1 Rf7 13. f3 Nb4 14. Qd2 Nec6 15. Be3
Ne5 16. Nc1 Bd7 17. b3 Nec6 18. N1e2 e5 19. Nd5 b5 20. axb5 axb5 21. Bg5 Qc8
22. Nec3 Nxd5 23. cxd5 Nb4 24. Na2 Nxa2 25. Qxa2 Ra8 26. Qc2 b4 27. Ra1 Bb5 28.
Rfd1 Rfa7 29. Rab1 h6 30. Be3 Ra2 31. Rb2 Qa6 32. Bf1 Rxb2 33. Qxb2 Qa2 34. Rb1
Qxb2 35. Rxb2 Ra1 36. Kf2 Rd1 37. Bd2 f4 38. g4 g5 39. h3 Kf7 40. Kg2 Ra1 41.
Kf2 1/2-1/2

[Event "V Weekend A"]
[Site "Trieste ITA"]
[Date "2003.11.01"]
[Round "5"]
[White "Capaliku, Aleks"]
[Black "Nedimovic, Ljubisa"]
[Result "1/2-1/2"]
[WhiteElo "1822"]
[BlackElo "2176"]
[PlyCount "28"]
[EventDate "2003.10.25"]

1. f4 d5 2. b3 Nf6 3. Nf3 g6 4. e3 Bg7 5. d4 O-O 6. Bd3 c5 7. O-O b6 8. Qe2 a5
9. a4 Ba6 10. Nbd2 Bxd3 11. Qxd3 Nbd7 12. Ne5 Qc7 13. Ba3 e6 14. Rac1 Rad8
1/2-1/2

[Event "V Weekend A"]
[Site "Trieste ITA"]
[Date "2003.11.01"]
[Round "5"]
[White "De Val, Daniele"]
[Black "Boldrin, Marco"]
[Result "1-0"]
[WhiteElo "2143"]
[BlackElo "1917"]
[PlyCount "67"]
[EventDate "2003.10.25"]

1. d4 Nf6 2. c4 e6 3. Nc3 Bb4 4. f3 d5 5. a3 Bxc3+ 6. bxc3 Nbd7 7. cxd5 exd5 8.
e3 O-O 9. Bd3 Re8 10. Ne2 Nf8 11. O-O Ng6 12. Ng3 Be6 13. e4 dxe4 14. fxe4 Bg4
15. Qc2 Nh5 16. Bc4 Rf8 17. Nf5 c5 18. Be3 Nh4 19. Qf2 Nxf5 20. exf5 cxd4 21.
cxd4 Rc8 22. Rac1 Nf6 23. h3 Re8 24. Rfe1 Bh5 25. g4 Bxg4 26. hxg4 Nxg4 27. Qf4
Qh4 28. Bf2 Qh3 29. Bg3 Nf6 30. Bf1 Qh5 31. Bg2 g5 32. fxg6 Qxg6 33. Bh4 Rxc1
34. Rxc1 1-0

[Event "V Weekend A"]
[Site "Trieste ITA"]
[Date "2003.11.01"]
[Round "5"]
[White "Stantic, Severino"]
[Black "Miele, Roberto"]
[Result "1-0"]
[WhiteElo "2127"]
[BlackElo "1750"]
[PlyCount "52"]
[EventDate "2003.10.25"]

1. c4 Nf6 2. Nc3 g6 3. b3 Bg7 4. Bb2 O-O 5. Qc1 d6 6. g3 Nbd7 7. Bg2 e5 8. Nh3
Re8 9. O-O Nc5 10. f4 Bg4 11. b4 Ne6 12. fxe5 dxe5 13. Nf2 c6 14. h3 Nh5 15.
Nxg4 Nxg3 16. Rf2 Nf4 17. Qe1 f5 18. Nh2 Bh6 19. d3 Nxg2 20. Kxg2 Nh5 21. Bc1
Nf4+ 22. Bxf4 Bxf4 23. Qf1 Qd4 24. Qe1 Be3 25. Rf1 e4 26. Rd1 Qf6 1-0

[Event "V Weekend A"]
[Site "Trieste ITA"]
[Date "2003.11.02"]
[Round "6"]
[White "Cherin, Diego"]
[Black "Capaliku, Aleks"]
[Result "0-1"]
[WhiteElo "2024"]
[BlackElo "1822"]
[PlyCount "69"]
[EventDate "2003.10.25"]

1. Nf3 f5 2. c4 Nf6 3. g3 b6 4. Bg2 Bb7 5. O-O e6 6. d4 d5 7. Nc3 c6 8. Qd3 g6
9. b3 Bd6 10. Bh6 Nbd7 11. a4 a5 12. Rac1 Qe7 13. Rfe1 Ne4 14. Qe3 Nxc3 15. c5
Ne4 16. cxd6 Qxd6 17. Bg7 Rg8 18. Bh6 c5 19. Red1 Kf7 20. Bf4 Qe7 21. h4 Rgc8
22. h5 Kg8 23. hxg6 hxg6 24. Ne5 cxd4 25. Qxd4 Nxe5 26. Bxe5 Nc5 27. b4 Nd7 28.
b5 Qb4 29. Qe3 Qxa4 30. Bd4 Kf7 31. Qh6 Nf6 32. Qh4 e5 33. Ra1 Qb4 34. Bxe5
Qxh4 35. gxh4 0-1

[Event "V Weekend A"]
[Site "Trieste ITA"]
[Date "2003.11.02"]
[Round "6"]
[White "Miele, Roberto"]
[Black "Boldrin, Marco"]
[Result "1-0"]
[WhiteElo "1750"]
[BlackElo "1917"]
[PlyCount "75"]
[EventDate "2003.10.25"]

1. e4 c5 2. Nf3 d6 3. d4 cxd4 4. Nxd4 Nf6 5. Nc3 a6 6. f3 e6 7. Be3 b5 8. Bd3
Bb7 9. Qd2 Nbd7 10. Qf2 Rc8 11. O-O Be7 12. a4 b4 13. Na2 d5 14. c3 bxc3 15.
Nxc3 O-O 16. exd5 Ne5 17. Bb1 Nxd5 18. Nxd5 Bxd5 19. Qg3 Bf6 20. Be4 Nc4 21.
Nc2 Bxb2 22. Rad1 Nxe3 23. Nxe3 Qb6 24. Rfe1 Bd4 25. Bxh7+ Kxh7 26. Qh4+ Kg8
27. Rxd4 Rc3 28. Kh1 Bb3 29. Ng4 Bc2 30. Nf6+ gxf6 31. Qxf6 Bg6 32. Rh4 Bh7 33.
Qh6 Rfc8 34. Qxh7+ Kf8 35. Qh6+ Ke7 36. Rd1 Qc5 37. Rf4 Rc1 38. Qf6+ 1-0

[Event "V Weekend A"]
[Site "Trieste ITA"]
[Date "2003.11.02"]
[Round "6"]
[White "Nedimovic, Ljubisa"]
[Black "Brecevich, Andrea"]
[Result "1-0"]
[WhiteElo "2176"]
[BlackElo "1546"]
[PlyCount "87"]
[EventDate "2003.10.25"]

1. d4 Nf6 2. c4 e6 3. Nc3 Bb4 4. Qc2 c5 5. dxc5 Qa5 6. Bd2 Na6 7. a3 Nxc5 8. b3
d5 9. Ra2 Bxc3 10. Bxc3 Qd8 11. e3 O-O 12. f3 Re8 13. b4 Ncd7 14. Bd3 dxc4 15.
Bxc4 Nb6 16. Bd3 Nbd5 17. Bd2 Bd7 18. e4 Rc8 19. Qb3 Nb6 20. Ne2 e5 21. Rc2 Be6
22. Rxc8 Qxc8 23. Qc3 Qd7 24. Bb1 Rd8 25. Rg1 Na4 26. Qe3 Nb2 27. Bc1 Nc4 28.
Qc3 b5 29. Kf2 Rc8 30. Qd3 Qe7 31. Rd1 h6 32. Nc3 a6 33. Kg1 Nh5 34. Nd5 Qd7
35. g4 Qa7+ 36. Kg2 Bxd5 37. exd5 Nb2 38. Qh7+ Kf8 39. Qh8+ Ke7 40. d6+ Kf6 41.
Qxc8 g6 42. d7 Qf2+ 43. Kxf2 Nxd1+ 44. Ke1 1-0

[Event "V Weekend A"]
[Site "Trieste ITA"]
[Date "2003.11.02"]
[Round "6"]
[White "Stantic, Severino"]
[Black "De Val, Daniele"]
[Result "0-1"]
[WhiteElo "2127"]
[BlackElo "2143"]
[PlyCount "54"]
[EventDate "2003.10.25"]

1. c4 Nf6 2. Nc3 e6 3. e4 d5 4. e5 d4 5. exf6 dxc3 6. bxc3 Qxf6 7. Nf3 b6 8.
Be2 Bd6 9. O-O O-O 10. d4 Bb7 11. Qc2 Nd7 12. Rd1 Rfe8 13. Ng5 Nf8 14. Bd3 Qh6
15. h3 Qh5 16. Rb1 Ng6 17. Be2 Qh4 18. c5 Bf4 19. Nf3 Qf6 20. cxb6 axb6 21. Ne1
Ra5 22. Rb5 Rea8 23. Rxa5 Rxa5 24. Be3 Rg5 25. Bf3 Bxf3 26. Nxf3 Bxe3 27. Nxg5
Bxg5 0-1

[Event "V Weekend A"]
[Site "Trieste ITA"]
[Date "2003.11.02"]
[Round "7"]
[White "Brecevich, Andrea"]
[Black "Bortolin, Bruno"]
[Result "0-1"]
[WhiteElo "1546"]
[BlackElo "1806"]
[PlyCount "68"]
[EventDate "2003.10.25"]

1. e4 Nf6 2. Nc3 e5 3. f4 d5 4. fxe5 Nxe4 5. Nf3 Bg4 6. d3 Nxc3 7. bxc3 c5 8.
Be2 Nc6 9. O-O Be7 10. d4 O-O 11. Be3 Qa5 12. Qe1 cxd4 13. Nxd4 Bxe2 14. Nxc6
bxc6 15. Qxe2 Qxc3 16. Bf4 Bc5+ 17. Kh1 Rae8 18. Rad1 Re6 19. Rd3 Qc4 20. Qf3
Qe4 21. Qd1 Rg6 22. Rff3 f6 23. Be3 Bxe3 24. Rdxe3 Qg4 25. Qf1 Qb4 26. e6 Re8
27. Rb3 Qe7 28. Rfe3 f5 29. Qxf5 Rxe6 30. Rxe6 Qxe6 31. Qxe6+ Rxe6 32. Rb8+ Kf7
33. Rb7+ Re7 34. Rxe7+ Kxe7 0-1

[Event "V Weekend A"]
[Site "Trieste ITA"]
[Date "2003.11.02"]
[Round "7"]
[White "Capaliku, Aleks"]
[Black "Stantic, Severino"]
[Result "1-0"]
[WhiteElo "1822"]
[BlackElo "2127"]
[PlyCount "100"]
[EventDate "2003.10.25"]

1. f4 c5 2. b3 Nc6 3. Nf3 Qc7 4. e3 f6 5. Bb5 e5 6. Bxc6 bxc6 7. fxe5 fxe5 8.
Bb2 d6 9. d3 Nf6 10. Nbd2 Be7 11. O-O O-O 12. Qe2 Bg4 13. h3 Bd7 14. a4 Rae8
15. Nh2 Bd8 16. e4 Qc8 17. Nc4 Bc7 18. Ne3 g6 19. g4 Qb8 20. Rf3 Be6 21. Nef1
d5 22. Ng3 Bd6 23. Raf1 c4 24. Rxf6 Rxf6 25. Rxf6 cxb3 26. cxb3 Qxb3 27. Nf3
Qb8 28. Ng5 Bc8 29. Nf7 Bf8 30. Kg2 d4 31. Bc1 c5 32. Nh6+ Bxh6 33. Bxh6 Be6
34. h4 Qc8 35. g5 c4 36. h5 cxd3 37. Qxd3 Bf7 38. hxg6 hxg6 39. Rf2 Bc4 40. Qf3
Qa6 41. Qf6 Qxf6 42. gxf6 Kf7 43. Bg5 Rc8 44. Nf1 Bb3 45. a5 Ba4 46. Nd2 Bb5
47. Rf3 Bd7 48. Rb3 Rc7 49. a6 Bc8 50. Ra3 Ke6 1-0

[Event "V Weekend A"]
[Site "Trieste ITA"]
[Date "2003.11.02"]
[Round "7"]
[White "De Val, Daniele"]
[Black "Miele, Roberto"]
[Result "1-0"]
[WhiteElo "2143"]
[BlackElo "1750"]
[PlyCount "69"]
[EventDate "2003.10.25"]

1. c4 Nf6 2. Nc3 g6 3. e4 d6 4. h3 Bg7 5. g4 c5 6. Bg2 Nc6 7. Nge2 a6 8. d3 Rb8
9. O-O b5 10. Rb1 bxc4 11. dxc4 O-O 12. Be3 Be6 13. b3 Qc8 14. f4 h5 15. f5 Bd7
16. Nd5 hxg4 17. Nxf6+ Bxf6 18. hxg4 Kg7 19. g5 Be5 20. f6+ exf6 21. gxf6+ Bxf6
22. Bh6+ Kxh6 23. Rxf6 Bh3 24. Nf4 Bg4 25. Qxd6 Be6 26. Nxe6 fxe6 27. Rxf8 Qxf8
28. Qxc6 Rd8 29. Qxe6 Rd2 30. Rf1 Qd8 31. Qh3+ Kg7 32. Qc3+ Kh7 33. Rf7+ Kh6
34. Qh3+ Kg5 35. Qe3+ 1-0